|
|
|
|
| LEADER |
03692nam a22003857a 4500 |
| 001 |
36496 |
| 003 |
BD-DhAAL |
| 005 |
20191029125130.0 |
| 008 |
191029t2018 bg ||||| |||| 00| 0 ben d |
| 999 |
|
|
|c 41677
|d 41677
|
| 020 |
|
|
|a 9789843446268
|
| 040 |
|
|
|a BD-DhAAL
|
| 082 |
|
|
|a 491.447
|2 22
|
| 100 |
|
|
|a ইসলাম, রফিকুল
|9 36565
|
| 245 |
|
|
|a বাংলা ভাষা ও সাহিত্য /
|c রফিকুল ইসলাম, সৌমিত্র শেখর
|
| 246 |
|
|
|a Bangla bhasha O sahitya (bengali language and literature)
|
| 260 |
|
|
|a ঢাকা :
|b বাংলাদেশ বিশ্ববিদ্যালয় মঞ্জুরী কমিশন,
|c ২০১৮
|
| 300 |
|
|
|a ৩১৯ পৃষ্ঠা ;
|b ২৩ সে.মি.
|
| 526 |
|
|
|a Residential Campus
|
| 541 |
|
|
|a Development Book Agency
|e 36496, 36497, 36498, 36499, 36500, 36501, 36502, 36503, 36504, 36505
|
| 650 |
|
|
|a Bengali language
|x Dialects
|z Bangladesh
|x History.
|9 36566
|
| 650 |
|
|
|a Bengali literature
|z Bangladesh
|x History and criticism.
|9 36567
|
| 700 |
|
|
|a শেখর, সৌমিত্র
|9 36568
|
| 852 |
|
|
|a Savar Campus Library
|c General Stacks
|
| 942 |
|
|
|2 ddc
|c BK
|
| 952 |
|
|
|0 0
|1 0
|2 ddc
|4 0
|6 491_447000000000000_ISL
|7 0
|9 66923
|a SCL
|b SCL
|c GEN
|d 2019-10-27
|e Development Book Agency
|g 510.00
|l 5
|m 3
|o 491.447 ISL
|p 3020036505
|r 2023-03-12
|s 2023-02-18
|t 10
|v 510.00
|w 2019-10-27
|y BK
|x This item belongs to Ayesha Abed Library.
|
| 952 |
|
|
|0 0
|1 0
|2 ddc
|4 0
|6 491_447000000000000_ISL
|7 0
|9 66924
|a SCL
|b SCL
|c GEN
|d 2019-10-27
|e Development Book Agency
|g 510.00
|l 13
|m 30
|o 491.447 ISL
|p 3020036498
|r 2025-11-21
|s 2025-06-29
|t 3
|v 510.00
|w 2019-10-27
|y BK
|x This item belongs to Ayesha Abed Library
|
| 952 |
|
|
|0 0
|1 0
|2 ddc
|4 0
|6 491_447000000000000_ISL
|7 0
|9 66925
|a SCL
|b SCL
|c GEN
|d 2019-10-27
|e Development Book Agency
|g 510.00
|l 5
|m 3
|o 491.447 ISL
|p 3020036496
|r 2023-05-31
|s 2023-05-28
|t 1
|v 510.00
|w 2019-10-27
|y BK
|x This item belongs to Ayesha Abed Library
|
| 952 |
|
|
|0 0
|1 0
|2 ddc
|4 0
|6 491_447000000000000_ISL
|7 0
|9 66926
|a SCL
|b SCL
|c GEN
|d 2019-10-27
|e Development Book Agency
|g 510.00
|l 26
|m 21
|o 491.447 ISL
|p 3020036502
|r 2026-05-08
|s 2026-05-04
|t 7
|v 510.00
|w 2019-10-27
|y BK
|x This item belongs to Ayesha Abed Library.
|
| 952 |
|
|
|0 0
|1 0
|2 ddc
|4 0
|6 491_447000000000000_ISL
|7 0
|9 66927
|a SCL
|b SCL
|c GEN
|d 2019-10-27
|e Development Book Agency
|g 510.00
|l 16
|m 20
|o 491.447 ISL
|p 3020036501
|r 2026-04-27
|s 2025-11-21
|t 6
|v 510.00
|w 2019-10-27
|y BK
|x This item belongs to Ayesha Abed Library.
|
| 952 |
|
|
|0 0
|1 0
|2 ddc
|4 0
|6 491_447000000000000_ISL
|7 0
|9 66928
|a SCL
|b SCL
|c GEN
|d 2019-10-27
|e Development Book Agency
|g 510.00
|l 15
|m 52
|o 491.447 ISL
|p 3020036504
|r 2025-12-28
|s 2025-10-11
|t 9
|v 510.00
|w 2019-10-27
|y BK
|x This item belongs to Ayesha Abed Library.
|
| 952 |
|
|
|0 0
|1 0
|2 ddc
|4 0
|6 491_447000000000000_ISL
|7 0
|9 66929
|a SCL
|b SCL
|c GEN
|d 2019-10-27
|e Development Book Agency
|g 510.00
|l 14
|m 15
|o 491.447 ISL
|p 3020036503
|r 2025-11-21
|s 2025-10-15
|t 8
|v 510.00
|w 2019-10-27
|y BK
|x This item belongs to Ayesha Abed Library.
|
| 952 |
|
|
|0 0
|1 0
|2 ddc
|4 0
|6 491_447000000000000_ISL
|7 0
|9 66930
|a SCL
|b SCL
|c GEN
|d 2019-10-27
|e Development Book Agency
|g 510.00
|l 10
|m 41
|o 491.447 ISL
|p 3020036497
|r 2025-12-29
|s 2025-12-28
|t 2
|v 510.00
|w 2019-10-27
|y BK
|x This item belongs to Ayesha Abed Library
|
| 952 |
|
|
|0 0
|1 0
|2 ddc
|4 0
|6 491_447000000000000_ISL
|7 0
|9 66931
|a SCL
|b SCL
|c GEN
|d 2019-10-27
|e Development Book Agency
|g 510.00
|l 15
|m 13
|o 491.447 ISL
|p 3020036500
|r 2025-12-28
|s 2025-12-28
|t 5
|v 510.00
|w 2019-10-27
|y BK
|x This item belongs to Ayesha Abed Library
|
| 952 |
|
|
|0 0
|1 0
|2 ddc
|4 0
|6 491_447000000000000_ISL
|7 0
|9 66932
|a SCL
|b SCL
|c GEN
|d 2019-10-27
|e Development Book Agency
|g 510.00
|l 19
|m 6
|o 491.447 ISL
|p 3020036499
|r 2025-12-28
|s 2025-12-21
|t 4
|v 510.00
|w 2019-10-27
|y BK
|x This item belongs to Ayesha Abed Library
|